00367nam a2200157Ia 4500003000400000005001700004008004000021040000700061041000800068082001600076100001800092245002700110260004200137300001200179650001800191OSt20260223102128.0210210b1968 xxu||||| |||| 00| 0 eng d cAL aeng a813.01 GRAA aDouglas Grant aAmerican short stories aLondonbOxford University Pressc1968 axi,398p aShort Stories